Paul's companions. (Record no. 5074)

000 -LEADER
fixed length control field 00549nam a2200181 a 4500
001 - CONTROL NUMBER
control field :::00002815$&:&@@
003 - CONTROL NUMBER IDENTIFIER
control field OkBaRHE
005 - DATE AND TIME OF LATEST TRANSACTION
control field 20000607103257.0
008 - FIXED-LENGTH DATA ELEMENTS--GENERAL INFORMATION
fixed length control field s1921 j 000 0 eng u
040 ## - CATALOGING SOURCE
Transcribing agency
100 1# - MAIN ENTRY--PERSONAL NAME
Personal name Burrell, David James.
245 10 - TITLE STATEMENT
Title Paul's companions.
260 ## - PUBLICATION, DISTRIBUTION, ETC. (IMPRINT)
Place of publication, distribution, etc New York, NY., :
Name of publisher, distributor, etc American Tract Society
Date of publication, distribution, etc c1921
300 ## - PHYSICAL DESCRIPTION
Extent 196 p. ;
Dimensions 19 cm.
650 ## - SUBJECT ADDED ENTRY--TOPICAL TERM
Topical term or geographic name as entry element Bible New Testament
General subdivision Biography
942 ## - ADDED ENTRY ELEMENTS (KOHA)
Source of classification or shelving scheme
Koha item type Books
Copies
Withdrawn status Damaged status Permanent Location Price effective from Date last seen Shelving location Source of classification or shelving scheme Full call number Barcode Copy number Date acquired Not for loan Lost status Koha item type
  RHEMA Bible Training College2010-04-142018-03-16General Stacks BS 2430 .B788281512010-04-14  Books